[Event "FRA-chT2 North 0607"]
[Site "France"]
[Date "2006.12.10"]
[Round "4.8"]
[White "Baudissin, Kay"]
[Black "Clofullia, Angelique"]
[Result "1/2-1/2"]
[WhiteElo "1900"]
[BlackElo "1972"]
[PlyCount "108"]
[EventDate "2006.10.15"]
[EventType "team"]
[EventRounds "11"]
[EventCountry "FRA"]
[SourceTitle "EXT 2008"]
[Source "ChessBase"]
[SourceDate "2007.11.25"]
[SourceVersion "1"]
[SourceVersionDate "2007.11.25"]
[SourceQuality "1"]
[WhiteTeam "Cergy Pontoise"]
[BlackTeam "Arras"]
[WhiteTeamCountry "FRA"]
[BlackTeamCountry "FRA"]

1. d4 d5 2. e3 Nf6 3. Bd3 Bg4 4. Nf3 e6 5. Nbd2 c5 6. c3 Nc6 7. h3 Bh5 8. 0-0 Qc7 9. Qe1 Be7 10. dxc5 Bxc5 11. Nd4 a6 12. f4 Bg6 13. f5 exf5 14. Nxf5 0-0 15. Nb3 Bb6 16. Nbd4 Ne5 17. Bc2 Rfe8 18. Ba4 Rf8 19. Bc2 Nc4 20. b3 Nd6 21. Ba3 Nxf5 22. Nxf5 Bxf5 23. Rxf5 Rfe8 24. Qh4 Rxe3 25. Kh1 Qg3 26. Qxg3 Rxg3 27. Rf3 Rxf3 28. gxf3 Re8 29. c4 dxc4 30. bxc4 Re3 31. Rb1 Rxa3 32. Rxb6 Rxa2 33. Rxb7 g6 34. Bb3 Ra1+ 35. Kg2 Nh5 36. c5 Nf4+ 37. Kh2 Ne6 38. c6 Rc1 39. Bxe6 Rxc6 40. Bxf7+ Kh8 41. Bd5 Rc5 42. Be4 Rb5 43. Rxb5 axb5 44. Kg3 Kg7 45. Kf4 Kf6 46. h4 h6 47. Bc2 b4 48. Ke4 Ke6 49. Kd4 Kf6 50. Kc4 g5 51. h5 Ke5 52. Kxb4 Kf4 53. Bd1 Kg3 54. Kc4 Kh4 1/2-1/2